000 00416nam a2200145Ia 4500
008 210210b1974 xxu||||| |||| 00| 0 eng d
082 _a543 RASA
100 _aRASTOGI (Subhash Chandra) & AGARWALA (Satish Kumar).
245 _aAdvanced inorganic analysis.
260 _aMeerut
_bPragati Prakashan
_c1974
300 _axiv,194
650 _aInorganic Analysis
690 _aAnalytical Chemistry
906 _aSG00662
999 _c112446
_d112446